|
|
|
|
| LEADER |
00000nam a22000007a 4500 |
| 005 |
20210702115541.0 |
| 007 |
cr|||| |||| |
| 008 |
210702s2016 co |||||s|||| 00||0 spa d |
| 020 |
|
|
|a 978-958-762-592-9
|
| 035 |
|
|
|a 33428
|
| 040 |
|
|
|a vLex
|
| 090 |
|
|
|c 11839
|d 11839
|
| 100 |
1 |
|
|a Morueco Gm̤ez, Ral︢
|
| 245 |
1 |
0 |
|a Gestin̤ auxiliar de personal
|h [Recurso electrn̤ico] /
|c Ral︢ Morueco Gm̤ez, Mara̕ Eugenia Přez Montero
|
| 256 |
|
|
|a Servicio en ln̕ea
|
| 260 |
|
|
|a Bogot:̀
|b Ediciones de la U,
|c 2016
|
| 300 |
|
|
|a 1 recurso electrn̤ico
|
| 500 |
|
|
|a Se presenta en un lenguaje sencillo,huyendo de un exceso de detalle que aparte al lector del objetivo y con una orientacin̤ claramente prc̀tica.Para ello,se incluyen ejemplos y ejercicios que le permitirǹ comprender y facilitar el seguimiento de todos los conceptos aqu ̕tratados relativos a la normativa laboral,caracters̕ticas de los contratos de trabajo,retribuciones salariales,obligaciones ante la Seguridad Social ya las funciones y actividades de la gestin̤ estratǧica de los recursos humanos y la normativa que le afecta.
|
| 506 |
1 |
|
|a Disponible solo en los productos indicados
|d vLex Global
|d vLex Global (Academic Edition, excluding Law Schools)
|d vLex Global (U.S. Academic Edition, Law Schools)
|d vLex Global (U.S. Academic Edition, excluding Law Schools)
|d vLex Global (Academic Edition, Law Schools)
|
| 650 |
0 |
4 |
|a Administracin̤ (Management)
|z Colombia
|
| 700 |
1 |
|
|a Přez Montero, Mara̕ Eugenia
|
| 740 |
0 |
|
|a vLex Libros (Servicio en ln̕ea)
|
| 856 |
4 |
0 |
|u https://vlex.com/source/gestion-auxiliar-de-personal-33428
|z Acceso restringido
|
| 942 |
|
|
|c BOOK
|
| 999 |
0 |
|
|a Management
|